La obra pública como desarrollo sustentable : (Record no. 1996)

MARC details
000 -LEADER
fixed length control field 00556nam a22001577a 4500
008 - FIXED-LENGTH DATA ELEMENTS--GENERAL INFORMATION
fixed length control field 140428b xxu||||| |||| 00| 0 spa d
020 ## - INTERNATIONAL STANDARD BOOK NUMBER
International Standard Book Number 978-950-23-1608-6
082 ## - DEWEY DECIMAL CLASSIFICATION NUMBER
Edition number 14
Classification number 363.6
245 03 - TITLE STATEMENT
Title La obra pública como desarrollo sustentable :
Remainder of title informe sobre Desarrollo Humano en la Provincia de Buenos Aires 2007./
Statement of responsibility, etc Fundación Banco de la Provincia de Buenos Aires.
260 ## - PUBLICATION, DISTRIBUTION, ETC. (IMPRINT)
Place of publication, distribution, etc Buenos Aires :
Name of publisher, distributor, etc Eudeba,
Date of publication, distribution, etc 2007.
300 ## - PHYSICAL DESCRIPTION
Extent 232 p.
650 #0 - SUBJECT ADDED ENTRY--TOPICAL TERM
9 (RLIN) 785
Topical term or geographic name as entry element URBANIZACION
651 #0 - SUBJECT ADDED ENTRY--GEOGRAPHIC NAME
Geographic name BUENOS AIRES (Argentina)
9 (RLIN) 746
942 ## - ADDED ENTRY ELEMENTS (KOHA)
Source of classification or shelving scheme Dewey Decimal Classification
Item type Libro, folleto, traducción
980 ## - EQUIVALENCE OR CROSS-REFERENCE-SERIES STATEMENT--PERSONAL NAME/TITLE [LOCAL, CANADA]
Miscellaneous information VALERIA BEATRIZ DOMÍNGUEZ
Field link and sequence number 1943
Holdings
Withdrawn status Lost status Source of classification or shelving scheme Damaged status Not for loan Home library Current library Date acquired Total Checkouts Full call number Barcode Date last seen Price effective from Koha item type
    Dewey Decimal Classification     Biblioteca Central Biblioteca Central 28/04/2014   363.6 BAL UNAJ14040612 17/03/2025 28/04/2014 Libro, folleto, traducción

Lunes a Viernes 8:30 a 19:00 hs. Cerrado por mudanza
Av.Calchaqui 6200 Florencio Varela (CP188) 2°piso Edificio Mosconi Aula 209-210
Mail: bibliotecacentralunaj@gmail.com  
Whatsapp(54 9)1122668024    ❔Pregunte a la bibliotecaria
© Universidad Nacional Arturo Jauretche | Secretaría Académica | Biblioteca Central UNAJ